El derecho de familia en la legislación comparada Centroamericana (Registro nro. 11079)

Detalles MARC
000 -CABECERA
Longitud fija campo de control 00794cam a22002051 4500
003 - IDENTIFICADOR DELl NÚMERO DE CONTROL
Identificador del número de control OSt
005 - FECHA Y HORA DE LA ÚLTIMA TRANSACCIÓN
Fecha y hora de la última transacción 20140922140357.0
008 - CÓDIGOS DE INFORMACIÓN DE LONGITUD FIJA
Códigos de información de longitud fija 851024s1996 gtm spa
040 ## - FUENTE DE LA CATALOGACIÓN
Centro transcriptor BMC
082 ## - NÚMERO DE LA CLASIFICACIÓN DECIMAL DEWEY
Númeroo de clasificación 346.015728
111 2# - PUNTO DE ACCESO PRINCIPAL-NOMBRE DE CONGRESO
9 (RLIN) 20280
Nombre de congreso o jurisdicción como elemento de entrada Congreso Mundial sobre Derecho de Familia
Sede del congreso Panamá
Fecha del congreso 1996
Número del congreso o número de parte o sección de la obra
245 13 - MENCIÓN DE TÍTULO
Título El derecho de familia en la legislación comparada Centroamericana
Mención de responsabilidad, etc. IX Congreso Mundial sobre Derecho de Familia
260 ## - PUBLICACIÓN, DISTRIBUCIÓN, ETC. (PIE DE IMPRENTA)
Lugar de publicación, distribución, etc. Guatemala
Nombre del editor, distribuidor, etc. Parlamento Centroamericano : UNICEF
Fecha de publicación, distribución, etc. 1996
300 ## - DESCRIPCIÓN FÍSICA
Extensión 1 v. (pag. var.)
Dimensiones 22 x 33 cm
597 ## - NOTA SOBRE ÁREA Y DESCRIPCIÓN FÍSICA
Nota sobre el área de descripción físic Ejemp. es fotocopia enc. en tapa rústica
650 24 - PUNTO DE ACCESO ADICIONAL DE MATERIA - TÉRMINO DE MATERIA
Término de materia o nombre geográfico como elemento inicial Derecho de familia
Subdivisión geográfica América central
9 (RLIN) 15910
710 2# - PUNTO DE ACCESO ADICIONAL - NOMBRE DE ENTIDAD
9 (RLIN) 5744
Nombre de entidad o nombre de jurisdicción como elemento inicial Parlamento Centroamericano
Unidad subordinada Dirección de Derecho Comparado
710 2# - PUNTO DE ACCESO ADICIONAL - NOMBRE DE ENTIDAD
9 (RLIN) 5417
Nombre de entidad o nombre de jurisdicción como elemento inicial UNICEF
942 ## - ENTRADA DE ELEMENTOS AGREGADOS (KOHA)
Fuente de clasificaión o esquema Dewey Decimal Classification
Koha [por defecto] tipo de item 1- Monografias
Parte de clasificación ahoj
Existencias
Suprimido Perdido Fuente de clasificación o esquema Estropeado Restricciones de uso No para préstamo Código de colección Localización permanente Localización actual Localización en estanter&íacute;as Fecha adquisición Fuente de adquisición Número de inventario Préstamos totales Renovaciones totales Signatura completa Código de barras Fecha última consulta Fecha último préstamo Coste, precio reemplazado Fecha del precio de reemplazo Tipo de item de Koha
NULL NULL Dewey Decimal Classification NULL Prestable NULL NULL Biblioteca Miguel de Cervantes - UNICAES Biblioteca Miguel de Cervantes - UNICAES Sala Principal 19/04/2007 Donación - J. Giammattei 017579 7 1 346.015 CON der 1017922 20/03/2019 18/03/2019 12.00 11/06/2014 1- Monografias